Los nómades marinos de Punta Baja. Seno Otway - Patagonia Austral.

Guardat en:
Dades bibliogràfiques
Autor principal: Legoupil, Dominique (editora)
Format: Desconegut
Idioma:anglès
Publicat: Santiago, Chile: uah/Ediciones; Ediciones Universidad Alberto Hurtado, 2022.
Col·lecció:Colección Antropología.
Matèries:
Etiquetes: Afegir etiqueta
Sense etiquetes, Sigues el primer a etiquetar aquest registre!

MARC

LEADER 00000 a2200000 4500
003 CL-VaPUC
005 20240311170216.0
008 240304t2022 ||||| |||| 00| 0 eng d
999 |c 443080  |d 443078 
020 |a 978-956-357-386-2 
040 |c Pontificia Universidad Católica de Valparaíso 
082 |2 22  |a 980.483644 LEG 2022 
100 |a Legoupil, Dominique  |9 887449  |e editora 
245 |a Los nómades marinos de Punta Baja.   |b Seno Otway - Patagonia Austral.  
260 |a Santiago, Chile:  |b uah/Ediciones;  |b Ediciones Universidad Alberto Hurtado,   |c 2022. 
300 |a 379 páginas. 
490 |a Colección Antropología.  
583 |k GC  |c 20240304 
651 0 |9 265179  |a Patagonia, Chile  |x Pueblos indígenas  |x Vida social y costumbres 
651 0 |9 265179  |a Patagonia, Chile  |x Indios   |x Hallazgos arqueológicos   |y Siglo 20 
942 |2 ddc  |c BK 
952 |0 0  |1 0  |2 ddc  |4 0  |6 980_483644000000000_LEG_2022  |7 0  |8 A  |9 593493  |a BIBHIS  |b BIBHIS  |c GEN  |d 2024-01-31  |e 3  |g 14277.00  |i 5660229  |o 980.483644 LEG 2022  |p 5660229  |r 2024-01-31  |t 1  |v 14277.00  |w 2024-01-31  |y BK  |k HIS